| 000 | 00384nam a22001457a 4500 | ||
|---|---|---|---|
| 005 | 20231129125618.0 | ||
| 008 | 231129b |||||||| |||| 00| 0 eng d | ||
| 041 | _aEnglish | ||
| 082 | _a340.06 PRA | ||
| 100 | _lEnglish | ||
| 245 | _aNumeracy Skills 2005 | ||
| 300 |
_bi, 43 pages ; _c30,2 cm. |
||
| 650 |
_aLegal practice _bLaw |
||
| 942 |
_cBK _6ALISON_BN_VRIES |
||
| 999 |
_c1049 _d1049 |
||